000 01360cam a2200337 a 4500
999 _c234885
_d234885
001 12327477
003 Nust
005 20170331162207.0
008 001016r20001877ii ab 000 0 eng
010 _a 00403109
020 _a8120614534
025 _aI-E-00-403109; 61-91
035 _a(DLC) 00403109
037 _bLibrary of Congress -- New Delhi Field Office
_cRs995.00
040 _aDLC
_cDLC
_dDLC
042 _alcode
043 _aa-ii---
050 0 0 _aDS413
_b.S87 2000
082 0 0 _a915.4043
_221
_bSTO
100 1 _aStone, Julia A.
245 1 0 _aIllustrated India, its princes and people :
_bupper, central, and farther India, up the Ganges and down the Indus : to which is added an authentic account of the visit to India of His Royal Highness the Prince of Wales /
_cJulia A. Stone.
260 _aNew Delhi :
_bAsian Educational Services,
_c2000.
300 _axvi, 628 p. :
_bill., maps ;
_c22 cm.
500 _aOriginally published: Hartford, Conn. : American Pub. Co., 1877.
500 _a"Containing 123 full-page engravings and mapa."
651 0 _aIndia
_xDescription and travel.
710 2 _aAsian Educational Services.
906 _a7
_bcbc
_corigode
_d3
_encip
_f20
_gy-gencatlg
942 _2ddc
_cBK